000 00569nam a2200217 a 4500
999 _c5102
_d5102
001 5102
003 BD-JhCC
005 20171209103125.0
008 171209s1962 p |||| || | 000 0 eng d
035 _a(BD-JhCC)5102
040 _aBD-JhCC
_dBD-JhCC
041 _aeng
082 _a330.9549
_bMAN 1962
100 _aMannan, A.
245 _aAn Introduction To Applied Economics /
_cA. Mannan,
260 _aDacca :
_bPakistan Book Corporation,
_c1962.
300 _a159 p. :
_c18 cm.
650 _aEconomics History
_zPakistan
942 _2ddc
_cBK